Original Broadway Cast - Hairspray Quiz Stats

 Plays Quiz not verified by Sporcle

Challenge
Share
Tweet
Embed
Score 0/10 Timer 05:00
0 Plays Today
Hint Answer % Correct
Link LarkinMatthew Morrison
92.7%
Edna TurnbladHarvey Fierstein
63.6%
Penny PingletonKerry Butler
56.4%
Amber Von TussleLaura Bell Bundy
54.5%
Tracey TurnbladMarissa Jaret Winokur
47.3%
Wilbur TurnbladDick Latessa
36.4%
Velma Von TussleLinda Hart
23.6%
Corny CollinsClarke Thorell
21.8%
Motormouth MaybelleMary Bond Davis
20%
Seaweed J. StubbsCorey Reynolds
20%

You're not logged in!

Compare scores with friends on all Sporcle quizzes.
Join for Free
OR
Log In

You Might Also Like...

Show Comments

Extras

Top Quizzes Today


Score Distribution

Your Account Isn't Verified!

In order to create a playlist on Sporcle, you need to verify the email address you used during registration. Go to your Sporcle Settings to finish the process.

Report this User

Report this user for behavior that violates our Community Guidelines.

Details: